000 00587nam a2200169 i 4500
001 83359
003 ES-MaACL
005 20230906174820.0
007 t|
008 041116s1978 sp ||||1| spa d
245 0 0 _aEstadística de la producción editorial
_b: libros y publicaciones periódicas : año 1977 /
_cInstituto Nacional de Estadística.
260 _aMadrid :
_b[s.n.,
_c1978]
300 _a41 p. ;
_c27 cm.
650 4 _aEdición-
_zEspaña-
_vEstadísticas.
_9151358
710 2 _aInstituto Nacional de Estadística (España)
_95162
852 _aES-MaACL
_j2106-F-24
_bR.98638
999 _c83359
_d83359